000 00676nam a2200265Ia 4500
005 20260302115655.0
008 008 260114s9999 xx 000 0 eng d
020 _a9781350128767
037 _aTextbook
040 _aCRL
040 _beng
040 _cCRL
041 _2eng
041 _aeng
084 _qCRL
100 _aMalcolm Tight
245 0 _aSyntheses of Higher Education Research What We Know
260 _bBloomsbury
260 _bBloomsbury Academic
260 _c2020
650 _aEducation
856 _uhttps://doi.org/10.5040/9781350128767?locatt=label:secondary_bloomsburyCollections
942 _cEBOOK
999 _c1687073
_d1687073